00270nam a22001217a 4500008004100000020001800041100001300059245001500072250001300087260002800100300000800128546001200136230524b |||||||| |||| 00| 0 eng d a9789395759106 aP. Diwan aFamily Law a13th Ed. aHaryanabALA Pub.c2023 a617 aEnglish